00587nam a2200205 a 4500001001300000003000900013005001700022008004100039020000900080082001300089245006700102260002500169300000800194500003500202505005000237650002800287650001300315650002300328710003000351nice12345678IN_TiNIC20260116013305.0050524s1990 dela grp 000 0 eng  ac1500a230bWOR aCome Holy Spiritb Renew the Whole Creation, Sis Bible Studies aDelhi bISPCK c1990 a96p aincludes index and biblioraphy2 aGlossary, Dates of Texts, Bibliography, Index aChurch-Seventh Assembly aTheology aBible-Commentaries2 aWorld Council of Churches